000
00324nam a22001337a 4500
008
170619b xxu||||| |||| 00| 0 eng d
020
_a
9781555876074
041
_a
eng
080
_a
32
100
_a
20
101
_a
SHP
245
_a
THE CONSOLIDATION OF DEMOCRACY IN LATIN AMERICA
_c
TULSCHIN.J.S
942
_2
udc
_c
BK
999
_c
18121
_d
18121